Изучение особенностей формирования покрытий из TIB2 на металлической основе при газотермическом напылении; Новые материалы. Создание, структура, свойства-2009

Bibliografske podrobnosti
Parent link:Новые материалы. Создание, структура, свойства-2009.— 2009.— С. 171-175
Glavni avtor: Шнайдт Е. И.
Jezik:ruščina
Izdano: 2009
Teme:
Format: Book Chapter
KOHA link:https://koha.lib.tpu.ru/cgi-bin/koha/opac-detail.pl?biblionumber=194837

MARC

LEADER 00000naa2a2200000 4500
001 194837
005 20231031182506.0
035 |a (RuTPU)RU\TPU\book\212514 
090 |a 194837 
100 |a 20110425d2009 k y0rusy50 ca 
101 0 |a rus 
102 |a RU 
200 1 |a Изучение особенностей формирования покрытий из TIB2 на металлической основе при газотермическом напылении  |f Е. И. Шнайдт 
320 |a Библиогр.: 9 назв. 
463 0 |0 (RuTPU)RU\TPU\book\72093  |t Новые материалы. Создание, структура, свойства-2009  |o всероссийская конференция с элементами научной школы для молодежи, Томск, 8-11 сентября 2009 г.  |o труды   |f Томский политехнический университет (ТПУ)  |v С. 171-175  |d 2009  |p 308 с. 
610 1 |a покрытия 
610 1 |a газотермическое напыление 
610 1 |a нанесение 
610 1 |a тиборид титана 
610 1 |a плазменное напыление 
610 1 |a труды учёных ТПУ 
700 1 |a Шнайдт  |b Е. И. 
801 1 |a RU  |b 63413507  |c 20110425 
801 2 |a RU  |b 63413507  |c 20140110  |g RCR 
942 |c BK